Ocaso y restauración (Record no. 85042)

MARC details
000 -LEADER
campo de control de longitud fija 00935nam a2200229 i 4500
001 - NÚMERO DE CONTROL
campo de control 85042
003 - IDENTIFICADOR DE NÚMERO DE CONTROL
campo de control ES-MaACL
005 - FECHA Y HORA DE LA ÚLTIMA TRANSACCIÓN
campo de control 20250328185024.0
007 - CAMPO FIJO DE DESCRIPCIÓN FÍSICA--INFORMACIÓN GENERAL
campo de control de longitud fija t|
008 - DATOS DE LONGITUD FIJA--INFORMACIÓN GENERAL
campo de control de longitud fija 041125s1948 sp ||||1| spa d
100 1# - ENTRADA PRINCIPAL--NOMBRE DE PERSONA
Nombre de persona Jiménez, Alberto.
9 (RLIN) 66394
245 10 - MENCIÓN DEL TÍTULO
Título Ocaso y restauración
Resto del título : ensayo sobre la universidad española moderna /
Mención de responsabilidad, etc. Alberto Jiménez.
250 ## - MENCION DE EDICION
Mención de edición [1ª ed.].
260 ## - PUBLICACIÓN, DISTRIBUCIÓN, ETC.
Lugar de publicación, distribución, etc. México :
Nombre del editor, distribuidor, etc. El Colegio,
Fecha de publicación, distribución, etc. [1948] (
Fabricante Stylo)
300 ## - DESCRIPCIÓN FÍSICA
Extensión 310 p. ;
Dimensiones 22 cm.
510 ## - NOTA DE CITAS O REFERENCIAS BIBLIOGRÁFICAS
Nombre de la fuente CCPB,
Localización dentro de la fuente 001289728-0.<br/>
852 ## - LOCALIZACIÓN
Ubicación ES-MaACL
Número de control de estantería D-6288
Sublocalización o colección R.30139
-- R.M.5883
itemnumber 88164
Ubicación en estantería Sala Valle Inclán
Marcas de propiedad Sello en tinta azul de la Biblioteca del Ateneo de Madrid.
Anotaciones manuscritas Anotación manuscrita a lápiz en hoja de guarda posterior: "43.59".
Nota libre "17.OCT.1950"
942 ## - ELEMENTOS DE ENTRADA SECUNDARIOS (KOHA)
Fuente del sistema de clasificación o colocación Clasificación decimal universal
Tipo de ítem Koha Libro impreso
Holdings
Estatus retirado Estado de pérdida Estado de daño No para préstamo Biblioteca de origen Biblioteca actual Ubicación en estantería Fecha de adquisición Fuente de adquisición Total de préstamos Signatura topográfica completa Código de barras Visto por última vez Precio de reemplazo Tipo de ítem Koha
        Biblioteca del Ateneo de Madrid Biblioteca del Ateneo de Madrid Sala Valle Inclán 17/01/2008     D-6288 901088869 23/02/2023 23/02/2023 Libro impreso